El futuro es nuestro y/o por un pasado mejor (Record no. 728)
[ view plain ]
| 000 -LEADER | |
|---|---|
| campo de control de longitud fija | 00919nam a22002057a 4500 |
| 008 - DATOS DE LONGITUD FIJA--INFORMACIÓN GENERAL | |
| campo de control de longitud fija | 150831b xxu||||| |||| 00| 0 eng d |
| 020 ## - NÚMERO INTERNACIONAL ESTÁNDAR DEL LIBRO | |
| Número Internacional Estándar del Libro | 9786124092299 |
| 082 ## - NÚMERO DE LA CLASIFICACIÓN DECIMAL DEWEY | |
| Número de clasificación | 700.92 |
| Número de ítem | L864r |
| 100 ## - ENTRADA PRINCIPAL--NOMBRE DE PERSONA | |
| Nombre de persona | Hastings, Rafael |
| 9 (RLIN) | 3411 |
| 245 ## - MENCIÓN DEL TÍTULO | |
| Título | El futuro es nuestro y/o por un pasado mejor |
| Resto del título | 1983-1967 |
| Mención de responsabilidad, etc. | Rafael Hastings; Miguel A. López [curador] |
| 260 ## - PUBLICACIÓN, DISTRIBUCIÓN, ETC. | |
| Lugar de publicación, distribución, etc. | Lima: |
| Nombre del editor, distribuidor, etc. | Instituto Cultural Peruano Norteamericano |
| Fecha de publicación, distribución, etc. | 2014 |
| 300 ## - DESCRIPCIÓN FÍSICA | |
| Extensión | 231 p. |
| Otras características físicas | ill. (col.) |
| Dimensiones | 29 cm. |
| 500 ## - NOTA GENERAL | |
| Nota general | Del 11 de octubre al 23 de noviembre de 2014. Galería Germán Krüger Espantoso |
| 505 ## - NOTA DE CONTENIDO CON FORMATO | |
| Título | Una delicada anarquía / Miguel A. López -- El arte es bonito e interesante. Una conversación con Rafael Hastings / Miguel A. López -- Portafolio |
| 600 ## - PUNTO DE ACCESO ADICIONAL DE MATERIA--NOMBRE DE PERSONA | |
| Nombre de persona | Hasting, Rafael |
| Subdivisión general | Biografía |
| 9 (RLIN) | 3412 |
| 650 ## - PUNTO DE ACCESO ADICIONAL DE MATERIA--TÉRMINO DE MATERIA | |
| Término de materia o nombre geográfico como elemento de entrada | Arte moderno |
| Subdivisión geográfica | Perú |
| 9 (RLIN) | 3413 |
| 650 ## - PUNTO DE ACCESO ADICIONAL DE MATERIA--TÉRMINO DE MATERIA | |
| Término de materia o nombre geográfico como elemento de entrada | Artista |
| Subdivisión de forma | Pintor |
| Subdivisión geográfica | Perú |
| 9 (RLIN) | 3414 |
| 650 ## - PUNTO DE ACCESO ADICIONAL DE MATERIA--TÉRMINO DE MATERIA | |
| Término de materia o nombre geográfico como elemento de entrada | Catálogos |
| 9 (RLIN) | 3415 |
| 700 ## - ENTRADA AGREGADA--NOMBRE PERSONAL | |
| Nombre de persona | López, Miguel A. [curador] |
| 9 (RLIN) | 3416 |
| Estatus retirado | Estado de pérdida | Fuente del sistema de clasificación o colocación | Estado de daño | No para préstamo | Biblioteca de origen | Biblioteca actual | Ubicación en estantería | Fecha de adquisición | Total de préstamos | Signatura topográfica completa | Código de barras | Visto por última vez | Precio de reemplazo | Tipo de ítem Koha |
|---|---|---|---|---|---|---|---|---|---|---|---|---|---|---|
| Clasificación Decimal Dewey | Biblioteca LadoV | Biblioteca LadoV | 31/08/2015 | 700.92 L864r | 004081 | 31/08/2015 | 31/08/2015 | Material 01 |
